Metallica Lyrics – #10: Metal Militia - Statistics

General Stats
  • This quiz has been taken 28 times
  • The average score is 56 of 141
Answer Stats
Answer % Correct
Metal
100%
metal
100%
militia
100%
and
70%
the
70%
The
70%
We
70%
we
70%
Leather
60%
on
60%
one
60%
one,
60%
our
60%
you
60%
are
50%
as
50%
Fighting
50%
for
50%
get
50%
message
50%
to
50%
trying
50%
were
50%
We're
50%
your
50%
be
40%
madness
40%
mist
40%
now
40%
same
40%
through
40%
all
30%
cause
30%
destruction
30%
go
30%
heavy
30%
it
30%
let
30%
lightning,
30%
of
30%
Oh,
30%
Ripping
30%
sins
30%
soldiers
30%
take
30%
their
30%
Thunder
30%
With
30%
world
30%
behind
20%
cowardly
20%
everyone
20%
free
20%
fury
20%
gods
20%
harlot
20%
here
20%
if
20%
Ironclad
20%
Join
20%
Leaving
20%
left
20%
Nine
20%
pay
20%
revenge
20%
running
20%
safety
20%
Senseless
20%
Stabbing
20%
Suicide
20%
tearing
20%
thousand
20%
virgin
20%
will
20%
yes,
20%
yourself
20%
Come
10%
inner
10%
Joining
10%
land
10%
law
10%
metallization
10%
or
10%
Protecting
10%
sacrifice
10%
soul
10%
Spreading
10%
together
10%
turning
10%
Twisting
10%
uniforms
10%
Victims
10%
What
10%
what
10%
befall
0%
Chained
0%
conquered,
0%
shadowed
0%
No matching quizzes found
Score Distribution
Percent of People with Each Score
Percentile by Number Answered
Your Score History
You have not taken this quiz